La justicia de policía local, manual práctica

Guardado en:
Detalles Bibliográficos
Autor principal: Maldonado S., Armando (autor)
Formato: Libro
Lenguaje:español
Publicado: Santiago, Chile Mario Blumenfeld S 1966
Edición:Sexta edición
Materias:
Etiquetas: Agregar Etiqueta
Sin Etiquetas, Sea el primero en etiquetar este registro!

MARC

LEADER 00000nam a2200000 a 4500
001 UCS0998
003 CL-VaPUC
005 20210705170357.0
008 970506e19661000CL |||||||||||||||||spa|d
999 |c 259110  |d 259108 
040 |c Pontificia Universidad Católica de Valparaíso 
082 0 4 |a 347.016 MAL 1966  |2 21 
100 |a Maldonado S., Armando  |e autor  |9 384965 
245 1 3 |a La justicia de policía local, manual práctica 
250 |a Sexta edición 
260 0 3 |a Santiago, Chile  |b Mario Blumenfeld S  |c 1966 
300 |a 341 páginas 
583 |a last modification  |c 19970506 00:00:00  |k Rodrigo Vera 
650 7 |a JUZGADOS DE POLICIA LOCAL  |2 CL-VaPUC  |9 328496 
650 7 |a LEY N°15.632  |2 CL-VaPUC  |9 384966 
650 7 |a ORDENANZA DEL TRANSITO  |2 CL-VaPUC  |9 384968 
650 0 |a Accidentes de tráfico  |9 387030 
650 0 |a Jurisprudencia  |9 255952 
942 |c BK  |2 ddc 
945 |d 19970506 00:00:00  |a paguirre 
952 |0 0  |1 0  |2 ddc  |4 0  |6 347_016000000000000_MAL_1966  |7 0  |8 A  |9 283675  |a BIBDER  |b BIBDER  |d 2019-11-19  |i 1841203  |o 347.016 MAL 1966  |p 1841203  |r 2023-01-25  |t 1  |w 2019-11-19  |y BK  |k DER